Reprezentacja i modelowanie zlozonych i niestrukturalizowanych decyzji Praca zbiorowa

Guardado en:
Detalles Bibliográficos
Otros Autores: Sroki, Henryk
Formato: Libro
Lenguaje:polaco
Publicado: Katowice Akademia Ekon. im. Karola Adamieckiego 1990
Edición:1. wyd.
Colección:Prace naukowo-badawcze
Etiquetas: Agregar Etiqueta
Sin Etiquetas, Sea el primero en etiquetar este registro!

MARC

LEADER 00000nam a2200000 4500
001 c022139
005 20221215130333.1
041 0 |a pol 
044 |a PL 
245 1 0 |a Reprezentacja i modelowanie zlozonych i niestrukturalizowanych decyzji  |b Praca zbiorowa  |c Red. Henryk Sroki 
250 |a 1. wyd. 
264 1 |a Katowice  |b Akademia Ekon. im. Karola Adamieckiego  |c 1990 
300 |a 155 s. 
490 1 |a Prace naukowo-badawcze 
830 0 |a Prace naukowo-badawcze 
700 1 |a Sroki, Henryk